Movies Quiz

Random Movies or Director Quiz

Director By Top Grossing Film Quiz Stats

 Plays Quiz not verified by Sporcle

Challenge
Share
Tweet
Embed
Score 0/25 Timer 10:00
0 Plays Today
% Correct
Christopher Nolan
89.9%
Steven Spielberg
89.9%
Mel Gibson
89.9%
James Cameron
88.4%
George Lucas
88.4%
J.J. Abrams
87%
Peter Jackson
87%
Sam Raimi
85.5%
Michael Bay
81.2%
Joss Whedon
79.7%
Gore Verbinski
73.9%
David Yates
68.1%
Shane Black
65.2%
% Correct
Anthony & Joe Russo
62.3%
Gareth Edwards
59.4%
Andrew Stanton
59.4%
Colin Trevorrow
53.6%
Roger Allers & Rob Minkoff
53.6%
Francis Lawrence
52.2%
Chris Buck & Jennifer Lee
50.7%
Lee Unkrich
49.3%
Gary Ross
49.3%
Andrew Adamson, Kelly Asbury, & Conrad Vernon
44.9%
Bill Condon
43.5%
Chris Renaud
33.3%

You're not logged in!

Compare scores with friends on all Sporcle quizzes.
Join for Free
OR
Log In

You Might Also Like...

Show Comments

Extras

Top Quizzes Today


Score Distribution

Your Account Isn't Verified!

In order to create a playlist on Sporcle, you need to verify the email address you used during registration. Go to your Sporcle Settings to finish the process.

Report this User

Report this user for behavior that violates our Community Guidelines.

Details: